000 00809nam a2200229 i 4500
001 bg
245 0 0 _aOrdynacja podatkowa :
_bUstawa z dnia 29 sierpnia 1997 r., Dziennik Ustaw z 1997 r. /
_cprzekład Katarzyna Miller, James Yrkoski
_nNr 137, poz. 926 z późn. zm.
250 _aStan prawny na dzien 1.03.2002.
260 _aWarszawa :
_b"ABC",
_c2002.
300 _a235 s. ;
_c24 cm.
500 _aTekst równol. pol. i ang.
504 _aIndeks.
650 9 _aPodatek
_xprawo
_zPolska
_ystan na 2002 r.
020 _a8372840539
040 _cBPK
041 1 _aplen
080 _a336.221.24(438)(094.4)
920 _a83-7284-053-9
942 _cKS
008 s pl f |000 0 pol
999 _c41593
_d41593
856 _uhttp://koha.tu.koszalin.pl/cgi-bin/koha/opac-detail.pl?biblionumber=41593
_yKatalog online BPK